000 00575nam a2200205 a 4500
001 20259
003 CO-ViMGA
008 141112s2004 ck r 000 u spa d
020 _a958045566X
040 _aCO-ViMGA
_bspa
_cCO-ViMGA
082 _a920 M226c
100 1 _aMcCourt, Frank
_96511
245 1 0 _aLas cenizas de Ángela
260 _aBogotá :
_bnorma,
_c2002
300 _a406
590 _aForma de adquisición : Premio Mincultura
650 1 4 _aIRLANDA - VIDA SOCIAL Y COSTUMBRES - RELATOS PERSONALES
_96512
650 1 4 _aMCCOURT, FRANK
_96513
942 _2ddc
_cBK
999 _c11587
_d11587